Normal view
MARC view
- Presidents
Entry Topical Term
001 - CONTROL NUMBER
- control field: 4853
003 - CONTROL NUMBER IDENTIFIER
- control field: NUST
005 - DATE AND TIME OF LATEST TRANSACTION
- control field: 20170922123150.0
008 - FIXED-LENGTH DATA ELEMENTS
- fixed length control field: 170922|| aca||aabn | a|a d
040 ## - CATALOGING SOURCE
- Original cataloging agency: NUST
- Transcribing agency: NUST
150 ## - HEADING--TOPICAL TERM
- Topical term or geographic name entry element: Presidents
- Geographic subdivision: Pakistan
- Form subdivision: Biography.
670 ## - SOURCE DATA FOUND
- Source citation: Work cat.: (NUST)0: Bakhsh, Ilahi, 1904-1960. 4850, With the Quaid-i Azam during his last days /, 1978.
